Music Quiz

Random Music or Singers Quiz

Who's Singing That Song? 1970 Quiz Stats

 Plays Quiz not verified by Sporcle

Score 0/40 Timer 05:00
0 Plays Today
% Correct
Coal Miner's Daughter
90.4%
Cracklin' Rosie
88.5%
Signed, Sealed, Delivered, I'm Yours
88.5%
Fire and Rain
86%
Spirit in the Sky
84.7%
Big Yellow Taxi
82.2%
War
80.9%
Get Up (I Feel Like Being a) Sex Machine
80.9%
Ain't No Mountain High Enough
78.3%
Instant Karma
77.7%
Band of Gold
76.4%
Snowbird
75.8%
After Midnight
72.6%
Everything is Beautiful
71.3%
The Thrill is Gone
71.3%
Domino
70.7%
Love the One You're With
68.2%
Rainy Night in Georgia
64.3%
Julie, Do Ya Love Me?
63.1%
The Letter
62.4%
% Correct
Hello, Darlin'
59.9%
The Wonder of You
59.2%
Arizona
56.7%
Lay Down (Candles in the Rain)
54.1%
I Just Can't Help Believing
51%
Stoney End
51%
Patches
49%
To Be Young, Gifted, and Black
44.6%
Do the Funky Chicken
43.9%
Long, Long Time
41.4%
Jam Up & Jelly Tight
38.9%
Hey There Lonely Girl
37.6%
Only Love Can Break Your Heart
35.7%
I (Who Have Nothing)
33.8%
Walk a Mile in My Shoes
33.8%
Make It Easy On Yourself
26.8%
Beaucoups of Blues
26.8%
Call Me
25.5%
Wonderful World, Beautiful People
24.8%
How Can I Be Sure
19.1%

You're not logged in!

Compare scores with friends on all Sporcle quizzes.
OR
Log In

Sporcle TV

Today on Sporcle TV


Watch our educational content, quiz creation guides, and fun videos on Sporcle TV.

Show Comments

Extras

Top Quizzes Today


Score Distribution

Your Account Isn't Verified!

In order to create a playlist on Sporcle, you need to verify the email address you used during registration. Go to your Sporcle Settings to finish the process.

Report this User

Report this user for behavior that violates our Community Guidelines.

Details: